000 00986nam a2200229Ia 4500
999 _c40507
_d40507
001 7118
003 GE_BSU
005 20230914122358.0
008 181216s2012||||ge |||||||||||||| ||geo||
020 _a9789941196544
040 _cGE_BSU
041 _ageo
080 _a821.353.1-31+821.353.1-32 ჭ-46
100 _aჭილაძე, თამაზ
_918933
245 _aმოთხრობები ; აუზი ; რომანი :
_bტ.2 პროზა /
_cთამაზ ჭილაძე ; სარედ. ჯგ. : ზურაბ აბაშიძე, მანანა მანჯგალაძე, ირმა ხარშილაძე.
264 _aთბილისი :
_bპალიტრა L,
_c2012.
300 _a464 გვ. :
_bფოტო გარეკანზე ;
_c20 სმ.
490 _aჩემი რჩეული
_vტ.56
_xISBN 2233-3037
541 _h8 ლ.
653 _aმოთხრობები
942 _cBK
_2udc